000 00298nam a2200121Ia 4500
008 191201s2005 xx 000 0 und d
100 _aDADABHOY, Bak
245 0 _a"Jeh", a Life of J.R.D. Tata
260 _aN.Delhi
_bRupa and Co
_c2005
300 _a165
650 _aGeneral Books
942 _2ddc
_cBK
999 _c3353
_d3353